[Event "Autumn Cup E Grade"]
[Site "Wellington Chess Club"]
[Date "2019.06.06"]
[Round "4"]
[White "Wevers, Alexis"]
[Black "He, Paul"]
[Result "1-0"]
[WhiteElo "1779"]
[BlackElo "1771"]

1. d4 Nf6 2. c4 g6 3. Nc3 d5 4. Nf3 Bg7 5. Bg5 Ne4 6. cxd5 Nxc3 7. bxc3 Qxd5 8.
Qa4+ Bd7 9. Qb3 Be6 10. Qxd5 Bxd5 11. Nd2 c5 12. e3 cxd4 13. cxd4 Nc6 14. f3
Nb4 15. Bb5+ Kf8 16. Ke2 h6 17. Bf4 Nxa2 18. Bc4 Bxc4+ 19. Nxc4 Nc3+ 20. Kd3
Nd5 21. Bg3 a6 22. Rhb1 b5 23. Rxb5 e6 24. Rb7 Bf6 25. e4 Ne7 26. Nb6 Rd8 27.
Nd7+ Kg7 28. Nxf6 Nc6 29. Nd7 Rhe8 30. Be5+ Kg8 31. Nf6+ Kf8 32. Ke3 Nxe5 33.
dxe5 Re7 34. Rxe7 Kxe7 35. Rxa6 1-0

[Event "Autumn Cup E Grade"]
[Site "Wellington Chess Club"]
[Date "2019.06.13"]
[Round "5"]
[White "Quayle, Jamie"]
[Black "Wevers, Alexis"]
[Result "1-0"]
[WhiteElo "1750"]
[BlackElo "1779"]

1. c4 Nf6 2. d4 e6 3. Nc3 Bb4 4. Bd2 Bxc3 5. Bxc3 d5 6. Nf3 O-O 7. e3 b6 8. Ne5
Bb7 9. c5 Ne4 10. Bb4 bxc5 11. Bxc5 Nxc5 12. dxc5 Ba6 13. Bxa6 Nxa6 14. Qd4 Qe7
15. b4 f6 16. Nf3 Rab8 17. Rb1 Nxc5 18. O-O Ne4 19. Rfc1 Rb6 20. Ne1 Rfb8 21.
Nd3 Nd2 22. Ra1 Nc4 23. e4 dxe4 24. Qxe4 Nd6 25. Qf3 Nf5 26. Re1 Qd6 27. Qe4
Nd4 28. Rad1 Qd5 29. Qg4 e5 30. a3 Qb3 31. Nc5 Qf7 32. Nd7 f5 33. Nxe5 fxg4 34.
Nxf7 Kxf7 35. Rxd4 Rd6 36. Rxg4 Rd3 37. Rg3 Rbd8 38. Rxd3 Rxd3 39. Ra1 Ke6 40.
Kf1 Kd5 41. Ke2 Kc4 42. h4 Rc3 43. g4 Kb5 44. f3 Ka4 45. Rd1 Rxa3 46. Rd7 Kxb4
47. Rxc7 a5 48. Rxg7 a4 49. f4 Ra2+ 50. Kd1 a3 51. Rb7+ Kc5 52. f5 Rg2 53. Ra7
a2 54. Kc1 Rxg4 55. Rxa2 Rxh4 56. Rf2 Rc4+ 57. Kd2 Rd4+ 58. Ke3 Rd7 59. Ke4
Re7+ 60. Kf4 Kd6 61. Rd2+ Kc7 62. f6 Rd7 63. Rg2 Rd6 64. Rg7+ Kd8 65. Ke5 Ra6
66. Rg8+ Kd7 67. f7 1-0

[Event "Autumn Cup E Grade"]
[Site "Wellington Chess Club"]
[Date "2019.06.20"]
[Round "1"]
[White "Farrington, Lawrence"]
[Black "Quayle, Jamie"]
[Result "1-0"]
[WhiteElo "1845"]
[BlackElo "1750"]

1. e4 c5 2. c3 e6 3. d4 cxd4 4. cxd4 Nf6 5. e5 Nd5 6. Nc3 Bb4 7. Bd2 Nc6 8.
Nxd5 exd5 9. Bxb4 Nxb4 10. a3 Nc6 11. Nf3 O-O 12. Bd3 Re8 13. O-O d6 14. exd6
Qxd6 15. h3 Qf4 16. Rc1 Bf5 17. Bxf5 Qxf5 18. Rc5 Re6 19. Qb3 Rg6 20. Nh4 Nxd4
21. Qe3 Nf3+ 22. Qxf3 Qxf3 23. Nxf3 Rb6 24. Rfc1 f6 25. b4 Rd8 26. Nd4 Rd7 27.
b5 a5 28. a4 Kf7 29. Rc7 Rxc7 30. Rxc7+ Kg6 31. f3 f5 32. Kf2 f4 33. Nb3 Rd6
34. Nxa5 b6 35. Rc6 1-0

[Event "Autumn Cup F Grade"]
[Site "Wellington Chess Club"]
[Date "2019.05.16"]
[Round "1"]
[White "Ashe, Michael"]
[Black "Stracy, Don"]
[Result "1/2-1/2"]
[WhiteElo "1521"]
[BlackElo "1664"]

1. d4 Nf6 2. c4 e6 3. Nc3 Bb4 4. e3 c5 5. Ne2 cxd4 6. exd4 d5 7. a3 Be7 8. Nf4
O-O 9. Be2 dxc4 10. Bxc4 Nc6 11. Be3 a6 12. O-O b5 13. Ba2 Bd7 14. d5 exd5 15.
Nfxd5 Nxd5 16. Nxd5 Be6 17. Nb6 Qxd1 18. Rfxd1 Rad8 19. Bxe6 fxe6 20. Nd7 Rf7
21. Rac1 Bxa3 22. Rxc6 Rfxd7 23. Rxd7 Rxd7 24. Kf1 Bxb2 25. Rxa6 Kf7 26. Rb6
Rd5 1/2-1/2

[Event "Autumn Cup F Grade"]
[Site "Wellington Chess Club"]
[Date "2019.05.16"]
[Round "1"]
[White "Hurndell, Robert"]
[Black "Dixon, Hamish"]
[Result "1-0"]
[WhiteElo "1545"]
[BlackElo "1715"]

1. d4 Nf6 2. c4 g6 3. Nc3 d5 4. Bf4 Bg7 5. e3 c6 6. Nf3 O-O 7. h3 Nbd7 8. Be2
dxc4 9. Bxc4 Nb6 10. Bb3 a5 11. a3 Nbd5 12. Nxd5 cxd5 13. O-O b5 14. Rc1 Ba6
15. Bc7 Qd7 16. Bxa5 Rfc8 17. Bb4 Rxc1 18. Qxc1 Rc8 19. Qb1 Qc7 20. Ne5 e6 21.
Nd3 Bf8 22. Rc1 Qd8 23. Rxc8 Qxc8 24. Bxf8 Kxf8 25. Nc5 Ke7 26. Qc2 h5 27. f3
Qa8 28. Qc3 Nd7 29. Qb4 Ke8 30. Bc2 Nxc5 31. dxc5 Qc6 32. Qd4 Qc7 33. b4 Bb7
34. f4 Bc6 35. Qh8+ Ke7 36. Qg7 Qa7 37. Bxg6 Be8 38. Bxh5 Qxa3 39. Qg5+ Kf8 40.
f5 exf5 41. Qf4 Qd3 42. Kh2 Kg7 43. Kg3 Bc6 44. Bf3 Kf8 45. Qd6+ 1-0

[Event "Autumn Cup F Grade"]
[Site "Wellington Chess Club"]
[Date "2019.05.23"]
[Round "2"]
[White "Ashe, Michael"]
[Black "Hurndell, Robert"]
[Result "1-0"]
[WhiteElo "1521"]
[BlackElo "1545"]

1. d4 Nf6 2. c4 g6 3. Nc3 Bg7 4. e4 O-O 5. Be3 c6 6. Nf3 d6 7. h3 Nbd7 8. Be2
b6 9. O-O Bb7 10. Qd2 c5 11. d5 e6 12. dxe6 fxe6 13. Qxd6 Re8 14. e5 Ne4 15.
Nxe4 Bxe4 16. Ng5 Bxe5 17. Qd2 Bb7 18. Bg4 Qf6 19. Rab1 Rad8 20. Qc2 Nf8 21.
Nf3 Bc7 22. Bg5 Qf7 23. Bxd8 Rxd8 24. Nh2 Qf4 25. g3 Qf6 26. Rbd1 Re8 27. Rfe1
e5 28. Qc3 Ne6 29. Bf3 Bxf3 30. Qxf3 Qg7 31. Qd5 Kh8 32. Nf3 Nd4 33. Nxd4 cxd4
34. Rxd4 Qf8 35. Rde4 Rd8 36. Qb5 Qf6 37. Rxe5 Bxe5 38. Qxe5 Qxe5 39. Rxe5 Rd1+
40. Kg2 Rd7 41. Re2 Kg7 42. b3 Rc7 43. Kf1 Kf6 44. Ke1 Rd7 45. Re3 Kg7 46. Ke2
Kf6 47. a3 h6 48. f3 g5 49. g4 h5 50. Rd3 Re7+ 51. Kd2 hxg4 52. fxg4 Kg7 53.
Rd6 Rf7 54. Ke3 Re7+ 55. Kf3 Kf7 56. Rd5 Kg6 57. b4 Rc7 58. c5 bxc5 59. bxc5 a5
60. Rd6+ Kf7 61. c6 Ke8 62. a4 Rf7+ 63. Ke4 Rf4+ 64. Kd5 Rxa4 65. c7 1-0

[Event "Autumn Cup F Grade"]
[Site "Wellington Chess Club"]
[Date "2019.05.23"]
[Round "2"]
[White "Stracy, Don"]
[Black "Darr, Samuel"]
[Result "0-1"]
[WhiteElo "1664"]
[BlackElo "1563"]

1. e4 e6 2. d4 d5 3. Nd2 c5 4. exd5 exd5 5. Ngf3 c4 6. Be2 Bd6 7. O-O Ne7 8. c3
a6 9. Re1 O-O 10. Nf1 Nbc6 11. Bg5 f6 12. Bh4 Qc7 13. Bg3 Nf5 14. Bxd6 Qxd6 15.
Ng3 Nxg3 16. hxg3 b5 17. Nh2 a5 18. Bg4 Bxg4 19. Qxg4 b4 20. Qe6+ Qxe6 21. Rxe6
Na7 22. Nf3 Rfe8 23. Rd6 Red8 24. Rxd8+ Rxd8 25. Rc1 Re8 26. Kf1 Nb5 27. Nd2
Kf7 28. f4 g5 29. Kf2 Kg6 30. Kf3 h5 31. Nb1 Kf5 32. fxg5 fxg5 33. Nd2 Re7 34.
Rc2 Re1 35. Kf2 Ra1 36. cxb4 Nxd4 37. Rc3 axb4 38. Re3 Rxa2 39. Re8 Rxb2 40.
Rf8+ Ke5 41. Re8+ Ne6 42. Ke1 g4 43. Rh8 c3 44. Rxh5+ Kd6 45. Nf1 c2 46. Kd2
Rb1 47. Kxc2 Rxf1 48. Kb3 Rf2 49. Rh4 Rxg2 50. Rxg4 Kc5 51. Rg8 Nd4+ 0-1

[Event "Autumn Cup F Grade"]
[Site "Wellington Chess Club"]
[Date "2019.05.30"]
[Round "3"]
[White "Darr, Samuel"]
[Black "Dixon, Hamish"]
[Result "1-0"]
[WhiteElo "1563"]
[BlackElo "1715"]

1. e4 c5 2. c3 d6 3. d4 Nf6 4. dxc5 dxc5 5. Qxd8+ Kxd8 6. f3 e5 7. Be3 Nc6 8.
Nd2 Be6 9. O-O-O Kc7 10. Bc4 Bxc4 11. Nxc4 Be7 12. Nd2 Rad8 13. Ne2 Rd6 14. Bg5
h6 15. Bh4 Rhd8 16. f4 exf4 17. Nxf4 Nxe4 18. Bxe7 Nxe7 19. Nxe4 Rd2 1-0

[Event "Autumn Cup F Grade"]
[Site "Wellington Chess Club"]
[Date "2019.06.06"]
[Round "4"]
[White "Stracy, Don"]
[Black "Dixon, Hamish"]
[Result "1/2-1/2"]
[WhiteElo "1664"]
[BlackElo "1715"]

1. e4 c5 2. Nf3 d6 3. d4 cxd4 4. Nxd4 Nf6 5. Nc3 Bd7 6. Be2 g6 7. Be3 Bg7 8.
O-O Nc6 9. Nxc6 Bxc6 10. f3 O-O 11. Qd2 a6 12. Rad1 b5 13. h3 Qc7 14. Kh1 Qb7
15. Bd3 Nd7 16. Rfe1 Ne5 17. Ne2 Nxd3 18. cxd3 d5 19. Nd4 Rfd8 20. Nxc6 Qxc6
21. Rc1 Qb7 22. Qe2 d4 23. Bd2 Rac8 24. g3 Rd7 25. Rxc8+ Qxc8 26. Rc1 Rc7 27.
Qd1 f5 28. Kg2 Kf7 29. Rxc7 Qxc7 30. Qc1 Qxc1 31. Bxc1 e5 1/2-1/2

[Event "Autumn Cup F Grade"]
[Site "Wellington Chess Club"]
[Date "2019.06.20"]
[Round "4"]
[White "Ashe, Michael"]
[Black "Darr, Samuel"]
[Result "1-0"]
[WhiteElo "1521"]
[BlackElo "1563"]

1. d4 Nf6 2. c4 g6 3. Nc3 d5 4. cxd5 Nxd5 5. e4 Nxc3 6. bxc3 Bg7 7. Bg5 c5 8.
Rc1 Nc6 9. d5 Ne5 10. Be2 Qa5 11. Qd2 b6 12. Nf3 Nxf3+ 13. Bxf3 Ba6 14. c4 Qa4
15. Qc2 Qb4+ 16. Bd2 Qa3 17. Qb3 Bb2 18. Qxa3 Bxa3 19. Rc2 b5 20. cxb5 Bxb5 21.
Be2 Ba4 22. Rc4 Bb5 23. Rc3 Bxe2 24. Kxe2 Bb4 25. Rc4 a5 26. Rhc1 O-O 27. Be3
f5 28. f3 Rfb8 29. R1c2 Rb5 30. Bxc5 fxe4 31. fxe4 Bxc5 32. Rxc5 Rb4 33. Kd3
Kf7 34. Rf2+ Ke8 35. e5 a4 36. e6 Rab8 37. Rfc2 Kd8 38. Rf2 Ke8 39. Rf7 Rh4 40.
h3 Rd8 41. Rf3 Rh5 42. Kc4 Rh4+ 43. g4 h5 44. Rg3 hxg4 45. hxg4 Rh1 46. g5 Rc1+
47. Kd4 Rd1+ 48. Ke4 Re1+ 49. Kf4 Rd1 50. Rh3 Rf1+ 51. Ke3 Ra8 52. Rh8+ Rf8 53.
Rxf8+ Kxf8 54. Kd3 Rb8 55. Rc4 Rb5 56. Kd4 Rb2 57. Rxa4 Rg2 58. Ra8+ Kg7 59.
Ra7 Kf8 60. a4 Rxg5 61. a5 Rg4+ 62. Ke3 Ra4 63. a6 g5 64. Kf3 Ra3+ 65. Kg4 Ra1
66. Kxg5 Rg1+ 67. Kf5 Rf1+ 68. Ke5 Re1+ 69. Kd4 Rd1+ 70. Kc5 Rc1+ 71. Kb6 Rb1+
72. Kc7 Rc1+ 73. Kb8 Ra1 74. Kc8 Ke8 75. Ra8 Kf8 76. Kd7+ Kg7 77. Kxe7 Kh7 78.
d6 Rg1 79. d7 Rg7+ 80. Kd6 Kg6 81. d8=Q Kf5 82. Qf8+ Kg6 83. Qxg7+ 1-0

[Event "Autumn Cup G Grade"]
[Site "Wellington Chess Club"]
[Date "2019.05.16"]
[Round "1"]
[White "Ackroyd, William"]
[Black "Kibblewhite, Daniel"]
[Result "0-1"]
[WhiteElo "1329"]
[BlackElo "1498"]

1. e4 e6 2. d4 d5 3. Nc3 Nf6 4. Bg5 Be7 5. e5 Nfd7 6. h4 Bxg5 7. hxg5 Qxg5 8.
Nh3 Qh6 9. f3 Qh4+ 10. Nf2 Qg5 11. Nh3 Qe3+ 12. Ne2 c5 13. c3 Nc6 14. f4 b6 15.
g4 Ba6 16. dxc5 Nxc5 17. Qc1 Nd3+ 0-1

[Event "Autumn Cup G Grade"]
[Site "Wellington Chess Club"]
[Date "2019.05.16"]
[Round "1"]
[White "Carroll, Lewis"]
[Black "Cameron, Will"]
[Result "1-0"]
[WhiteElo "1404"]
[BlackElo "1300"]

1. e4 e6 2. d4 d5 3. Bd3 Nf6 4. e5 Nfd7 5. f4 c5 6. c3 Nc6 7. Nf3 Qb6 8. Qa4
Be7 9. Nbd2 O-O 10. g4 cxd4 11. cxd4 Qb4 12. Qc2 Nxd4 13. Nxd4 Qxd4 14. Bxh7+
Kh8 15. Nf3 Bb4+ 16. Bd2 Bxd2+ 17. Qxd2 Qxd2+ 18. Kxd2 Kxh7 19. h4 Rh8 20. h5
Kg8 21. g5 b6 22. h6 Ba6 23. Nd4 Rc8 24. f5 exf5 25. Nxf5 Re8 26. hxg7 Rxh1 27.
Rxh1 f6 28. g6 1-0

[Event "Autumn Cup G Grade"]
[Site "Wellington Chess Club"]
[Date "2019.05.16"]
[Round "1"]
[White "Cooke, Xandi"]
[Black "Webster, Jamie"]
[Result "0-1"]
[WhiteElo "1387"]
[BlackElo "1200"]

1. d4 Nf6 2. c4 e6 3. Nc3 Bb4 4. Bd2 c5 5. Nf3 cxd4 6. Nxd4 O-O 7. g3 Nc6 8.
Nxc6 bxc6 9. Bg2 Ba6 10. Qa4 Qa5 11. Qxa5 Bxa5 12. b3 Rac8 13. O-O d5 14. cxd5
cxd5 15. Rac1 d4 16. Ne4 Bxd2 17. Nxf6+ gxf6 18. Rxc8 Rxc8 19. Bf3 Rc2 20. a4
Bc3 21. Rd1 Bxe2 22. Bxe2 Rxe2 23. Rd3 e5 24. Rf3 Kg7 25. Kg2 Rb2 26. a5 a6 27.
b4 Rxb4 28. h4 Rb8 0-1

[Event "Autumn Cup G Grade"]
[Site "Wellington Chess Club"]
[Date "2019.05.16"]
[Round "1"]
[White "Dunlop, Rafe"]
[Black "Osborne, Geoff"]
[Result "1-0"]
[WhiteElo "1164"]
[BlackElo "1372"]

1. e4 e5 2. Nf3 Nc6 3. Bb5 a6 4. Ba4 Nf6 5. Nc3 Be7 6. d3 O-O 7. Bxc6 dxc6 8.
Nxe5 Bd6 9. Nf3 Bb4 10. Bd2 Re8 11. O-O Ng4 12. h3 Ne5 13. Nxe5 Rxe5 14. Bf4
Re6 15. Ne2 c5 16. Bd2 Bxd2 17. Qxd2 c6 18. Nf4 Rxe4 19. Rfe1 Rxe1+ 20. Rxe1
Bd7 21. Nh5 Qf8 22. Qc3 Re8 23. Re5 Rxe5 24. Qxe5 Bc8 25. f4 f6 26. Qc7 1-0

[Event "Autumn Cup G Grade"]
[Site "Wellington Chess Club"]
[Date "2019.05.16"]
[Round "1"]
[White "Theodosiou, Andreas"]
[Black "Van der Hoorn, Thomas"]
[Result "0-1"]
[WhiteElo "1358"]
[BlackElo "1000"]

1. e4 e5 2. Nf3 Nc6 3. Bc4 Bc5 4. O-O d6 5. c3 Nf6 6. d3 Bg4 7. Nbd2 O-O 8. b4
Bb6 9. a4 a5 10. b5 Ne7 11. Bb2 Ng6 12. d4 Re8 13. Qb3 Be6 14. Ng5 Bxc4 15.
Qxc4 Qd7 16. Qd3 Rad8 17. d5 Nf4 18. Qf3 h6 19. Nh3 Qg4 20. Qxg4 Nxg4 21. Nxf4
exf4 22. Rae1 g5 23. h3 Ne5 24. Re2 Bc5 25. c4 Bb4 26. Bxe5 dxe5 27. Nf3 f6 28.
g4 b6 29. h4 Kf7 30. hxg5 hxg5 31. Nh2 Rh8 32. f3 Rh3 33. Rff2 Bc5 34. Kg2 Bxf2
35. Kxh3 Rh8+ 36. Kg2 Bg3 37. Kg1 Bxh2+ 38. Rxh2 Rh4 39. Kg2 Rxh2+ 40. Kxh2 Ke7
41. Kg2 Kd6 42. Kf2 Kc5 43. Ke2 Kxc4 44. Kd2 Kb4 45. Kd3 Kxa4 46. Kc4 Ka3 47.
d6 cxd6 48. Kd5 Kb4 49. Kc6 a4 50. Kxb6 a3 51. Kc6 a2 52. b6 a1=Q 53. b7 Qa6+
54. Kc7 Qa7 55. Kc6 0-1

[Event "Autumn Cup G Grade"]
[Site "Wellington Chess Club"]
[Date "2019.05.19"]
[Round "1"]
[White "Asher, Bruce"]
[Black "Stannard, Bobby"]
[Result "0-1"]
[WhiteElo "1237"]
[BlackElo "1403"]

1. e4 e6 2. Nf3 d5 3. exd5 exd5 4. d4 c5 5. Bb5+ Bd7 6. Nc3 Bxb5 7. Nxb5 Qa5+
8. Nc3 Nc6 9. Be3 Nf6 10. O-O Be7 11. Qe2 O-O 12. Rfe1 Rfe8 13. Nb5 a6 14. Nc3
Bd6 15. Qd3 Nb4 16. Qf5 Ne4 17. Re2 Nxc3 18. bxc3 Nc6 19. Qxd5 Rad8 20. g3 Qxc3
21. Rae1 cxd4 22. Ng5 Rf8 23. Bf4 Bxf4 24. Qe4 Bxg5 25. Rd1 Nb4 26. f4 Bf6 27.
Qxb7 d3 28. cxd3 Rxd3 29. Rde1 Bd4+ 30. Kh1 Qc6+ 31. Qxc6 Nxc6 32. Re8 Rd2 33.
a3 Ra2 34. R8e4 Rxa3 35. f5 Rf3 36. g4 a5 37. Kg2 Rb3 38. Ra1 Bxa1 0-1

[Event "Autumn Cup G Grade"]
[Site "Wellington Chess Club"]
[Date "2019.05.23"]
[Round "2"]
[White "Cameron, Will"]
[Black "Theodosiou, Andreas"]
[Result "0-1"]
[WhiteElo "1300"]
[BlackElo "1358"]

1. e4 Nc6 2. d4 e6 3. c4 Bb4+ 4. Bd2 Qe7 5. Ne2 Nf6 6. e5 Ne4 7. Bc3 d6 8. Bxb4
a5 9. exd6 cxd6 10. Bd2 Qh4 11. g3 Qf6 12. Be3 Qf3 13. Rg1 Qh5 14. Bg2 Nf6 15.
Bxc6+ bxc6 16. h4 O-O 17. Bg5 Qg6 18. Nf4 Qe4+ 19. Qe2 Qxd4 20. Bxf6 Qxf6 21.
Nh5 Qg6 22. g4 h6 23. g5 Qh7 24. gxh6 Qxh6 25. Nxg7 Kh8 26. Rg5 Qf6 27. Qh5+
Kg8 28. Ne8+ 0-1

[Event "Autumn Cup G Grade"]
[Site "Wellington Chess Club"]
[Date "2019.05.23"]
[Round "2"]
[White "Kibblewhite, Daniel"]
[Black "Webster, Jamie"]
[Result "0-1"]
[WhiteElo "1498"]
[BlackElo "1200"]

1. d4 Nf6 2. c4 e6 3. Nf3 Bb4+ 4. Bd2 Qe7 5. e3 b6 6. Be2 Bb7 7. O-O O-O 8.
Bxb4 Qxb4 9. Qd2 Qxd2 10. Nbxd2 d6 11. Bd3 Nbd7 12. b4 e5 13. d5 Rfe8 14. e4 a5
15. a3 Nh5 16. Rfe1 Nf4 17. Bf1 Rf8 18. g3 Ng6 19. Bh3 Nf6 20. Kg2 Bc8 21. Bxc8
Raxc8 22. Ng1 Nh5 23. Ne2 f5 24. exf5 Rxf5 25. Ne4 Rcf8 26. Kg1 Nf6 27. Nxf6+
R5xf6 28. Nc3 Rxf2 29. Ne4 R2f5 30. Rf1 Ne7 31. Rxf5 Rxf5 32. Rf1 Rxf1+ 33.
Kxf1 Nf5 34. Ke2 Nd4+ 35. Kd3 h6 36. bxa5 bxa5 37. Nc3 Kf7 38. Nb5 Nxb5 39.
cxb5 Kf6 40. Ke4 Kg5 41. h3 h5 42. a4 g6 43. Kf3 Kf5 44. g4+ hxg4+ 45. hxg4+
Kg5 46. Kg3 e4 0-1

[Event "Autumn Cup G Grade"]
[Site "Wellington Chess Club"]
[Date "2019.05.23"]
[Round "2"]
[White "Osborne, Geoff"]
[Black "Asher, Bruce"]
[Result "0-1"]
[WhiteElo "1372"]
[BlackElo "1237"]

1. e4 c5 2. c3 Nc6 3. Nf3 Nf6 4. e5 Nd5 5. Bc4 e6 6. O-O g6 7. d4 Qc7 8. Bg5
cxd4 9. cxd4 Bg7 10. Nc3 a6 11. Nxd5 exd5 12. Bxd5 O-O 13. Re1 d6 14. Bf6 Bxf6
15. exf6 Bf5 16. Qd2 Qd8 17. Qg5 Re8 18. Rxe8+ Qxe8 19. Rc1 Rc8 20. Qh6 Qf8 21.
Ng5 Qxh6 22. Nxf7 Qxc1# 0-1

[Event "Autumn Cup G Grade"]
[Site "Wellington Chess Club"]
[Date "2019.05.23"]
[Round "2"]
[White "Sharma, Vaibhav"]
[Black "Ackroyd, William"]
[Result "1-0"]
[WhiteElo "1200"]
[BlackElo "1329"]

1. e4 e5 2. f4 exf4 3. Nf3 d5 4. exd5 Nf6 5. d4 Nxd5 6. Bc4 Nb6 7. Bb3 Bd6 8.
Qe2+ Qe7 9. Qxe7+ Kxe7 10. c4 Bb4+ 11. Nc3 Bg4 12. Bxf4 Bxf3 13. gxf3 c6 14.
O-O-O f6 15. Rhe1+ Kd7 16. c5 Bxc3 17. Be6+ Kd8 18. cxb6 Bxe1 19. Bc7+ Ke7 20.
Rxe1 axb6 21. Bxb6 Nd7 22. Bf5+ Kd6 23. Re6+ Kd5 24. Bc7 Nf8 25. Rd6+ Kc4 26.
Kc2 Rxa2 27. Bd3+ Kb4 28. Rd8 Ng6 29. Bd6+ Ka5 30. Rd7 Ra4 31. Rxb7 Ra8 32.
Bc7# 1-0

[Event "Autumn Cup G Grade"]
[Site "Wellington Chess Club"]
[Date "2019.05.23"]
[Round "2"]
[White "Stannard, Bobby"]
[Black "Dunlop, Rafe"]
[Result "1-0"]
[WhiteElo "1403"]
[BlackElo "1164"]

1. e4 e5 2. Nf3 Nc6 3. d4 exd4 4. Nxd4 Nxd4 5. Qxd4 d6 6. Bb5+ c6 7. Bc4 Qf6 8.
Be3 c5 9. Bb5+ Bd7 10. Bxd7+ Kxd7 11. Qa4+ Kc7 12. Nc3 Ne7 13. O-O-O Nc6 14.
Nd5+ Kd8 15. Nxf6 gxf6 16. Qb3 Kc7 17. Qxf7+ Be7 18. e5 fxe5 19. Bg5 Raf8 20.
Qh5 Rxf2 21. Bxe7 Nxe7 22. Qh4 Rf7 23. Rhf1 Nf5 24. g4 Nxh4 25. Rxf7+ Kc6 26.
a3 h5 27. g5 Rg8 28. Rf6 Rxg5 29. Rfxd6+ Kb5 30. b3 c4 31. R1d5# 1-0

[Event "Autumn Cup G Grade"]
[Site "Wellington Chess Club"]
[Date "2019.05.23"]
[Round "2"]
[White "Stannard, Lars"]
[Black "Cooke, Xandi"]
[Result "0-1"]
[WhiteElo "1396"]
[BlackElo "1387"]

1. d4 d5 2. Bf4 Nc6 3. Nf3 Nf6 4. e3 Bf5 5. a3 e6 6. Bd3 Bxd3 7. Qxd3 Bd6 8.
Ne5 Bxe5 9. dxe5 Nd7 10. Qc3 O-O 11. Nd2 Qe7 12. b4 a5 13. b5 Nd8 14. Qxc7 b6
15. Qc3 Nb7 16. O-O Rac8 17. Qd4 Rxc2 18. Rfc1 Rfc8 19. Rxc2 Rxc2 20. a4 Qc5
21. Nb3 Qxd4 22. Nxd4 Rc4 23. h3 Nbc5 24. g4 Rxa4 25. Rb1 Rb4 26. Rc1 a4 27.
Rc3 f6 28. Nc2 Rxb5 29. exf6 gxf6 30. Nd4 Ra5 31. Bd6 a3 32. Bxc5 Nxc5 33. Nc6
a2 0-1

[Event "Autumn Cup G Grade"]
[Site "Wellington Chess Club"]
[Date "2019.05.23"]
[Round "2"]
[White "Van der Hoorn, Thomas"]
[Black "Bennett, Ezra"]
[Result "1-0"]
[WhiteElo "1000"]
[BlackElo "1402"]

1. e4 e5 2. Nf3 Nc6 3. Bb5 Nge7 4. Nc3 d6 5. O-O g6 6. d3 Bg7 7. Bg5 f6 8. Bh4
O-O 9. Bc4+ Kh8 10. Qd2 Qd7 11. h3 f5 12. exf5 Rxf5 13. Bg5 d5 14. Bb5 a6 15.
Ba4 b5 16. Bb3 d4 17. Ne4 Rxf3 18. gxf3 Qxh3 19. Ng3 Nf5 20. Bd5 Nxg3 21. fxg3
Bd7 22. Qg2 Qf5 23. f4 exf4 24. Bxf4 Qf6 25. Bxc7 Qe7 26. Bxc6 Rc8 27. Rae1 Qc5
28. Bxd7 Qxc7 29. Bxc8 Qxc8 30. Qe2 Qg8 1-0

[Event "Autumn Cup G Grade"]
[Site "Wellington Chess Club"]
[Date "2019.05.30"]
[Round "3"]
[White "Ackroyd, William"]
[Black "Osborne, Geoff"]
[Result "0-1"]
[WhiteElo "1329"]
[BlackElo "1372"]

1. d4 d5 2. Nf3 c5 3. c3 Nc6 4. g3 Nf6 5. Bg2 Bg4 6. Nbd2 e6 7. O-O Be7 8. h3
Bh5 9. g4 Bg6 10. Re1 O-O 11. Nf1 Ne8 12. Ng3 Nd6 13. dxc5 Ne4 14. Nxe4 Bxe4
15. b4 f5 16. Nd4 Nxd4 17. cxd4 Bxg2 18. Kxg2 Qc7 19. g5 f4 20. h4 Qd8 21. Qd3
Bxg5 22. hxg5 Qxg5+ 23. Kh2 Rf6 0-1

[Event "Autumn Cup G Grade"]
[Site "Wellington Chess Club"]
[Date "2019.05.30"]
[Round "3"]
[White "Cooke, Xandi"]
[Black "Sharma, Vaibhav"]
[Result "0-1"]
[WhiteElo "1387"]
[BlackElo "1200"]

1. d4 d5 2. Nc3 Nf6 3. Nf3 e6 4. Bf4 c5 5. e3 Nc6 6. Bd3 Qb6 7. Na4 Qa5+ 8. c3
cxd4 9. exd4 Be7 10. O-O O-O 11. b4 Qd8 12. Qc2 h6 13. Ne5 Nxe5 14. dxe5 Nh5
15. Be3 Bg5 16. Bd4 Bd7 17. Nc5 b6 18. Nb7 Qc7 19. Nd6 Be7 20. Nb5 Bxb5 21.
Bxb5 Nf4 22. Qd2 Bg5 23. Qc2 a6 24. Bd3 a5 25. a3 Be7 26. Rfe1 axb4 27. axb4
Rxa1 28. Rxa1 Bxb4 29. cxb4 Qxc2 30. Bxc2 Ne2+ 31. Kf1 Nxd4 32. Bd3 Nc6 33. Be2
Nxe5 34. Ra6 Rb8 35. Ke1 Kf8 36. Kd2 Ke7 37. Kc3 g5 38. Kd4 Kd6 39. g3 f6 40.
f4 Nc6+ 41. Kc3 Kc7 42. Kb3 Nd4+ 0-1

[Event "Autumn Cup G Grade"]
[Site "Wellington Chess Club"]
[Date "2019.05.30"]
[Round "3"]
[White "Dunlop, Rafe"]
[Black "Kibblewhite, Daniel"]
[Result "0-1"]
[WhiteElo "1164"]
[BlackElo "1498"]

1. e4 e6 2. d4 d5 3. Nc3 Nf6 4. Bd3 Bb4 5. Bg5 h6 6. Bxf6 Qxf6 7. Nf3 c5 8. e5
Qe7 9. a3 Bxc3+ 10. bxc3 c4 11. Be2 Bd7 12. Qb1 b5 13. Qb4 Nc6 14. Qd6 Qxd6 15.
exd6 Nd8 16. Rb1 Nb7 17. Ne5 Nxd6 18. O-O a6 19. Nxd7 Kxd7 20. Rb2 Ne4 21. a4
Nxc3 22. Bg4 Nxa4 23. Ra2 Ra7 24. f4 Nc3 25. Rb2 h5 26. Bh3 Ne2+ 0-1

[Event "Autumn Cup G Grade"]
[Site "Wellington Chess Club"]
[Date "2019.05.30"]
[Round "3"]
[White "Ross, Matt"]
[Black "Stannard, Bobby"]
[Result "1-0"]
[WhiteElo "1400"]
[BlackElo "1403"]

1. d4 d5 2. Bf4 c5 3. e3 Nc6 4. Nf3 Qb6 5. b3 cxd4 6. exd4 e6 7. Be2 Bb4+ 8. c3
Be7 9. O-O Nf6 10. Bd3 O-O 11. Nbd2 Qd8 12. Ne5 Bd6 13. Ndf3 Ng4 14. Bxh7+ Kxh7
15. Ng5+ Kg8 16. Qxg4 Nxe5 17. Qh5 Re8 18. dxe5 Be7 19. Qh7+ 1-0

[Event "Autumn Cup G Grade"]
[Site "Wellington Chess Club"]
[Date "2019.05.30"]
[Round "3"]
[White "Theodosiou, Andreas"]
[Black "Stannard, Lars"]
[Result "0-1"]
[WhiteElo "1358"]
[BlackElo "1396"]

1. d4 d5 2. Nf3 e6 3. c4 Bb4+ 4. Bd2 Bxd2+ 5. Nbxd2 Nf6 6. e3 c6 7. Bd3 O-O 8.
O-O Nbd7 9. b3 a6 10. cxd5 cxd5 11. Rc1 b5 12. Re1 Bb7 13. Ne5 Rc8 14. Rxc8
Qxc8 15. Ndf3 Ne4 16. Nxd7 Qxd7 17. Qd2 Nxd2 0-1

[Event "Autumn Cup G Grade"]
[Site "Wellington Chess Club"]
[Date "2019.05.30"]
[Round "3"]
[White "Webster, Jamie"]
[Black "Van der Hoorn, Thomas"]
[Result "0-1"]
[WhiteElo "1200"]
[BlackElo "1000"]

1. e4 e5 2. Nf3 Nc6 3. Bb5 a6 4. Ba4 Nf6 5. O-O Nxe4 6. d4 b5 7. Bb3 Bb4 8.
dxe5 O-O 9. c3 Ba5 10. Re1 Nc5 11. Bc2 Ne6 12. Qd3 g6 13. Bh6 Re8 14. Nbd2 d5
15. Nd4 Nexd4 16. cxd4 Bf5 17. Qg3 Bxc2 18. Bg5 Qd7 19. Qf4 Qf5 20. Qh4 Nxd4
21. Bf6 Ne6 22. Qh6 Bxd2 23. Qxd2 Qd3 24. Qh6 Qf5 25. Re3 Qh5 26. Qxh5 gxh5 27.
Rc1 Bg6 28. g3 d4 29. Ree1 c5 30. b3 Rec8 31. f4 c4 32. bxc4 bxc4 33. Rf1 Bf5
34. Kf2 Ra7 35. Rg1 Rd7 36. Kf3 d3 37. g4 hxg4+ 38. Rxg4+ Bxg4+ 39. Kxg4 d2 0-1

[Event "Autumn Cup G Grade"]
[Site "Wellington Chess Club"]
[Date "2019.06.06"]
[Round "4"]
[White "Ackroyd, William"]
[Black "Theodosiou, Andreas"]
[Result "1/2-1/2"]
[WhiteElo "1329"]
[BlackElo "1358"]

1. e4 c5 2. Nf3 Nc6 3. d4 cxd4 4. Nxd4 Nf6 5. Nc3 e5 6. Ndb5 d6 7. Nd5 Nxd5 8.
exd5 Nb8 9. c4 a6 10. Nc3 Nd7 11. Be2 Nf6 12. Be3 Be7 13. Qd2 Bg4 14. f3 Bd7
15. g4 h6 16. O-O-O Rb8 17. h4 b5 18. g5 Ng8 19. gxh6 Nxh6 20. Rhg1 Nf5 21. h5
b4 22. Ne4 Qa5 23. Kb1 Qc7 24. b3 a5 25. Ng3 Nxe3 26. Qxe3 a4 27. f4 Bf6 28.
Bd3 axb3 29. axb3 Ra8 30. Ne4 Ra3 31. Nxf6+ gxf6 32. Kb2 Qa5 33. Ra1 Rxa1 34.
Rxa1 Qd8 35. Rh1 1/2-1/2

[Event "Autumn Cup G Grade"]
[Site "Wellington Chess Club"]
[Date "2019.06.06"]
[Round "4"]
[White "Asher, Bruce"]
[Black "Dunlop, Rafe"]
[Result "0-1"]
[WhiteElo "1237"]
[BlackElo "1164"]

1. d4 d5 2. c4 Nf6 3. Nc3 e6 4. Bf4 Bb4 5. a3 Bxc3+ 6. bxc3 dxc4 7. Qa4+ Bd7 8.
Qxc4 Nd5 9. Bg3 a6 10. e4 Bb5 11. Qb3 Bxf1 12. Qxb7 Bxg2 13. Qxa8 Bxh1 14. Rb1
O-O 15. Rxb8 Qxb8 16. Qxb8 Rxb8 17. exd5 Rb1+ 18. Kd2 Rxg1 19. dxe6 fxe6 20.
Bxc7 Bd5 21. f4 Rg2+ 22. Kd3 Rxh2 23. Ke3 Rh3+ 24. Kd2 h5 25. Bd8 Rf3 26. Bg5
Rh3 27. Ke2 h4 28. Kd2 Rh2+ 29. Kd3 h3 30. c4 Bc6 31. c5 Rg2 0-1